| 000 | 00340nam a22001217a 4500 | ||
|---|---|---|---|
| 008 | 200219b ||||| |||| 00| 0 eng d | ||
| 020 | _a9780070616080 | ||
| 082 | _a511.5 CHI | ||
| 100 | _aCHARTRAND,Garyand & Zhang, Ping | ||
| 245 |
_aIntroduction to Graph Theory _hEnglish |
||
| 250 |
_a13th _b2017 |
||
| 260 |
_aNew Delhi _bMcGraw Hill Education |
||
| 999 |
_c8470 _d8470 |
||